| 000 | 00975nam a2200229Ia 4500 | ||
|---|---|---|---|
| 999 |
_c46916 _d46916 |
||
| 001 | 13769 | ||
| 003 | GE_BSU | ||
| 005 | 20241011124537.0 | ||
| 008 | 181216s2000||||ge |||||||||||||| ||geo|| | ||
| 020 | _a99928-52-34-8 | ||
| 040 | _cGE_BSU | ||
| 041 | _ageo | ||
| 080 | _a72.071.1(479.22) დ-15 | ||
| 100 |
_aდავითაია, ვახტანგ _915482 |
||
| 245 |
_aარქიტექტურა. ოცნება და სინამდვილე / _bვახტანგ დავითაია. |
||
| 264 |
_aთბილისი : _bბაკურ სულაკაური, _c2000. |
||
| 300 |
_a419 გვ. : _bილ. ; _c21 სმ. |
||
| 500 | _aეძღვნება მშობლების ხსოვნას | ||
| 500 | _a ახლავს ავტორის მინაწერი | ||
| 653 | _aარქიტექტურა. ოცნება და სინამდვილე. | ||
| 942 |
_cBK _2udc |
||